Key urban housing of the twentieth century : (Record no. 353794)
[ view plain ]
| 000 -LEADER | |
|---|---|
| fixed length control field | 03547cam a2200373 a 4500 |
| 001 - CONTROL NUMBER | |
| control field | 15282280 |
| 003 - CONTROL NUMBER IDENTIFIER | |
| control field | OSt |
| 005 - DATE AND TIME OF LATEST TRANSACTION | |
| control field | 20180116192418.0 |
| 008 - FIXED-LENGTH DATA ELEMENTS--GENERAL INFORMATION | |
| fixed length control field | 080430s2008 nyuabe b 001 0 eng |
| 010 ## - LIBRARY OF CONGRESS CONTROL NUMBER | |
| LC control number | 2008019793 |
| 020 ## - INTERNATIONAL STANDARD BOOK NUMBER | |
| International Standard Book Number | 9780393732467 (pbk.) |
| 020 ## - INTERNATIONAL STANDARD BOOK NUMBER | |
| International Standard Book Number | 0393732460 (pbk.) |
| 035 ## - SYSTEM CONTROL NUMBER | |
| System control number | (OCoLC)ocn227016385 |
| 035 ## - SYSTEM CONTROL NUMBER | |
| System control number | (OCoLC)227016385 |
| 040 ## - CATALOGING SOURCE | |
| Original cataloging agency | DLC |
| Transcribing agency | DLC |
| Modifying agency | BTCTA |
| -- | BAKER |
| -- | YDXCP |
| -- | OSU |
| -- | C#P |
| -- | BON |
| -- | CDX |
| -- | BWX |
| -- | VP@ |
| -- | DLC |
| 050 00 - LIBRARY OF CONGRESS CALL NUMBER | |
| Classification number | NA7126 |
| Item number | .F74 2008 |
| 082 00 - DEWEY DECIMAL CLASSIFICATION NUMBER | |
| Classification number | 728.0904 |
| Edition number | 22 |
| 100 1# - MAIN ENTRY--PERSONAL NAME | |
| Personal name | French, Hilary. |
| 9 (RLIN) | 6945 |
| 245 10 - TITLE STATEMENT | |
| Title | Key urban housing of the twentieth century : |
| Remainder of title | plans, sections, and elevations / |
| Statement of responsibility, etc. | Hilary French. |
| 250 ## - EDITION STATEMENT | |
| Edition statement | 1st American ed. |
| 260 ## - PUBLICATION, DISTRIBUTION, ETC. | |
| Place of publication, distribution, etc. | New York : |
| Name of publisher, distributor, etc. | W.W. Norton, |
| Date of publication, distribution, etc. | 2008. |
| 300 ## - PHYSICAL DESCRIPTION | |
| Extent | 240 p. : |
| Other physical details | ill. (chiefly col.), plans (some col.), maps ; |
| Dimensions | 29 cm. + |
| Accompanying material | 1 CD-ROM (4 3/4 in.) |
| 500 ## - GENERAL NOTE | |
| General note | Includes scaled plans, sectional views, diagrams, elevations. |
| 500 ## - GENERAL NOTE | |
| General note | Projects: Peabody Buildings, Rue Franklin Apartments, Cheap Cottages Exhibition, Van Beuingenstraat Housing, Gradins Vavin/Amiraux, Hotel des Artists, Spangen Quarter, El Pueblo Ribera Courtyard Houses, Efficiency Apartments, Britz Hufeisensiedlung, Karl Marx-Hof, Weissenhofsiedlung apartment Building, Weissenhofsidelung RowHousing, Narkomfin, Siemensstadt Housing, Lawn Road (now Isokin) Flats, Vienna Werkbund Houses, Bergpolder Building, 25 and 42 Avenue de Versailles, Highpoint Flats, Kensal House, Casa Rustici, Bubeshko Apartments, Unite d'Habitation, Pedregulho Housing, Churchill Gardens Estate, Golden Lane Estate, Casa de la Marina, Workers' Housing, 860-880 Lake Shore Drive, Price Tower, Keeling House, Harumi Apartments, Beacon Street Apartments, Hansaviertel Apartments, Hansaviertel Tower, Bellevue Bay Flats and Houses, Halen Housing, Tapiola Housing, Marina City, Lafayette Park Apartments, Peabody Terrace, BluesPoint Tower, Bakkedraget Housing, The Ryde, Habitat 67, Twin Parks Northwest Site 4, Balfron and Trellick Towers, Robin Hood Gardens, Nagakin Capsule Tower, University Centre Housing, Olympic Tower, Walden 7, Emmanuel Benaki Street Apartments, Housing on Calle Doña María Coronel, Gallartese Housing, Quinta de Malagueira Housing, Corner Housing at Kochstrasse, Housing on Lützowplatz, St Mark's Road Housing, Rue des Hautes Formes, Noisy II Housing, Atlantis Condominium, Byker Wall, Housing for the Elderly, Nemausus, Pence Place, IJ-Plein Housing, Spiral House, Nexus World Housing, Rue de Meaux Housing, Horizon Apartments, Kavel 25, Carl-Spitzweg-Gasse Housing, Schlesischestrasse Housing, Silodam, Sejima Wing, Kitagata Housing, Courtyard Houses, Rue des Suisses Housing, Schots 1 + 2, Yerba Buena Lofts, The Whale, Liverpool Street Housing, Mirador Apartments, Consort Road Housing, Carabanchel 16 Housing. |
| 504 ## - BIBLIOGRAPHY, ETC. NOTE | |
| Bibliography, etc. note | Includes bibliographical references (p. 230-233) and index. |
| 505 0# - FORMATTED CONTENTS NOTE | |
| Formatted contents note | New urban forms -- European modernism -- Post-war modernism -- Alternatives -- Post-Modernism -- Contemporary interpretations. |
| 650 #0 - SUBJECT ADDED ENTRY--TOPICAL TERM | |
| Topical term or geographic name entry element | Architecture, Domestic |
| Form subdivision | Designs and plans. |
| 9 (RLIN) | 6946 |
| 650 #0 - SUBJECT ADDED ENTRY--TOPICAL TERM | |
| Topical term or geographic name entry element | Architecture, Modern |
| Chronological subdivision | 20th century |
| Form subdivision | Designs and plans. |
| 9 (RLIN) | 6947 |
| 856 41 - ELECTRONIC LOCATION AND ACCESS | |
| Materials specified | Table of contents only |
| Uniform Resource Identifier | <a href="http://www.loc.gov/catdir/toc/ecip0818/2008019793.html">http://www.loc.gov/catdir/toc/ecip0818/2008019793.html</a> |
| 906 ## - LOCAL DATA ELEMENT F, LDF (RLIN) | |
| a | 7 |
| b | cbc |
| c | orignew |
| d | 1 |
| e | ecip |
| f | 20 |
| g | y-gencatlg |
| 942 ## - ADDED ENTRY ELEMENTS (KOHA) | |
| Source of classification or shelving scheme | |
| Koha item type | Book |
| Withdrawn status | Lost status | Source of classification or shelving scheme | Damaged status | Not for loan | Permanent Location | Current Location | Date acquired | Total Checkouts | Total Renewals | Full call number | Barcode | Date last seen | Date last checked out | Cost, replacement price | Price effective from | Koha item type | Copy number |
|---|---|---|---|---|---|---|---|---|---|---|---|---|---|---|---|---|---|
| School of Art Design and Architecture (SADA) | School of Art Design and Architecture (SADA) | 06/20/2013 | 6 | 5 | 728.0904 FRE 2008 | SADA0002062 | 08/16/2016 | 06/30/2016 | 3882.06 | 08/16/2013 | Book | ||||||
| School of Art Design and Architecture (SADA) | School of Art Design and Architecture (SADA) | 05/06/2015 | CD 728.0904 FRE 2008 | SADA0002472 | 01/05/2017 | 01/05/2017 | 01 |
